logo

Bir Sreshtho Munshi Abdur Rouf Library
Jhenaidah Cadet College

Higher Secondary Mechanics & Discrete Mathematics / (Record no. 5307)

MARC details
000 -LEADER
fixed length control field 00559nam a2200217 a 4500
001 - CONTROL NUMBER
JCCL Control Number 5307
003 - CONTROL NUMBER IDENTIFIER
JCCL marc code BD-JhCC
005 - DATE AND TIME OF LATEST TRANSACTION
control field 20171212165014.0
008 - FIXED-LENGTH DATA ELEMENTS--GENERAL INFORMATION
fixed length control field 171212s2007 bg a|||| ||a| 000 0 eng d
035 ## - SYSTEM CONTROL NUMBER
system control number (BD-JhCC) 5307
040 ## - CATALOGING SOURCE
Original cataloging agency BD-JhCC
Modifying agency BD-JhCC
041 ## - LANGUAGE CODE
Language code of Book eng
082 ## - DEWEY DECIMAL CLASSIFICATION NUMBER
Classification number 620.42
Author mark and Year JAB 2007
100 ## - MAIN ENTRY--PERSONAL NAME
Personal name Jabbar, M.A.
245 ## - TITLE STATEMENT
Title Higher Secondary Mechanics & Discrete Mathematics /
Statement of responsibility, etc M.A. Jabbar
260 ## - PUBLICATION, DISTRIBUTION, ETC. (IMPRINT)
Place of publication, distribution, etc Dhaka :
Name of publisher, distributor, etc Saiful Book House ,
Date of publication, distribution, etc 2007
300 ## - PHYSICAL DESCRIPTION
Pagination 214 p .:
Dimensions 23 cm .
650 ## - SUBJECT ADDED ENTRY--TOPICAL TERM
Topical term or geographic name as entry element Machanics
942 ## - ADDED ENTRY ELEMENTS (KOHA)
Source of classification or shelving scheme Dewey Decimal Classification
Koha item type Books
Holdings
Source of classification or shelving scheme Damaged status Not for loan Home library Current library Shelving location Date of accession Cost, normal purchase price Total Checkouts Full call number Barcode Date last seen Copy number Koha item type
Dewey Decimal Classification     JCC Rouf Library JCC Rouf Library General Stacks 12/12/2017 140.00   620.42 JAB 2007 7327 12/12/2017 C-1 Books

JCC Library | Contacts | JCC Home

Last Update on 23 September 2017
Copyright @ 2017-2020 JCC Rouf Library
Rouf Library, Jhenidah Cadet College (JCC), Bangladesh